| 000 | 00649nam a2200193 a 4500 | ||
|---|---|---|---|
| 001 | 000022086 | ||
| 005 | 20200930011557.0 | ||
| 008 | 100916s1974 mx ad r 000 0 spa d | ||
| 040 |
_aDO-SdBNP _bspa _cBNPHU |
||
| 082 |
_axxxx _bD414a |
||
| 100 | 1 |
_aDent, John Barry _945759 |
|
| 245 | 1 | 3 |
_aEl análisis de sistemas de administración agricola / _cJ. B. Dent , J. R. Anderson. |
| 260 |
_aMéxico, D. F. : _bDiana, _c1974. |
||
| 300 |
_a463 p. : _bil., diag. ; _c23 cm. |
||
| 500 | _aIncluye índice alfabético. | ||
| 504 | _aIncluye referencias bibliográficas y notas al pie de las páginas. | ||
| 700 | 1 |
_aAnderson, J. R. _945760 |
|
| 049 | _aBNGR | ||
| 999 |
_c21584 _d21584 |
||